|
|
|
|
| LEADER |
00000cam a2200000 a 4500 |
| 001 |
vtls010571543 |
| 003 |
SK-MaSNL |
| 005 |
20260301214926.0 |
| 008 |
240314s2013 xo g 010 0 slo |
| 015 |
|
|
|a SNBA2014/02
|
| 020 |
|
|
|a 9788097151829
|q (brož.)
|
| 035 |
|
|
|a 98517234-E491-4CA3-8DFA-E67FA5F8C914
|
| 035 |
|
|
|a urn:nbn:sk:snk-amldrg
|
| 035 |
|
|
|a urn:nbn:sk:snk-am008zt6
|
| 040 |
|
|
|a SNK
|b slo
|c SNK
|e AACR2
|
| 041 |
0 |
|
|a slo
|
| 044 |
|
|
|a xo
|c SK
|
| 072 |
|
7 |
|a 316.4/.7
|x Sociálne interakcie
|2 konspekt
|
| 080 |
|
|
|a 316.472.42
|2 2001
|
| 080 |
|
|
|a (0.062)
|2 2001
|
| 100 |
1 |
|
|a Farkaš, Miroslav
|4 aut
|9 449409
|
| 245 |
1 |
0 |
|a Partnerské vzťahy
|b nádherné výšiny, ale aj údolie sĺz-
|c Miroslav "mirec" Farkaš
|
| 250 |
|
|
|a 1. vyd.
|
| 260 |
|
|
|a Nové Mesto nad Váhom
|b Miroslav Farkaš
|c [2013]
|
| 300 |
|
|
|a 274 s.
|c 21 cm
|
| 650 |
0 |
7 |
|a partnerské vzťahy
|2 SNKPH
|9 2250
|
| 650 |
0 |
7 |
|a Partner relationships
|2 SNKPHeng
|9 284534
|
| 655 |
|
7 |
|a príručky
|2 SNKPH
|9 74364
|
| 655 |
|
7 |
|a Handbooks, manuals, etc.
|2 SNKPHeng
|9 90964
|
| 919 |
|
|
|a 978-80-971518-2-9
|
| 999 |
|
|
|c 926331
|d 928261
|
| 952 |
|
|
|a SNK
|b SNK
|y PREZ
|7 0
|p 17A1103435
|o snkSC 157903
|i snk2014/2634
|8 0
|0 0
|1 0
|4 0
|d 2014-01-27
|f 1
|l 0
|r 2025-08-20 00:00:00
|w 2026-02-24
|